Pond fertilization ecological approach and practical appication (Record no. 9992)

000 -LEADER
fixed length control field 00294nam a22001217a 4500
040 ## - CATALOGING SOURCE
Transcribing agency HS
082 ## - DEWEY DECIMAL CLASSIFICATION NUMBER
Classification number 577
100 ## - MAIN ENTRY--AUTHOR NAME
Personal name CHRISTOPHER F.
245 ## - TITLE STATEMENT
Title Pond fertilization ecological approach and practical appication
260 ## - PUBLICATION, DISTRIBUTION, ETC. (IMPRINT)
Place of publication Philippines
Name of publisher CHRISTOPHER F.
Year of publication 1998
300 ## - PHYSICAL DESCRIPTION
Number of Pages 124p;
942 ## - ADDED ENTRY ELEMENTS (KOHA)
Koha item type សៀវភៅភាសាអង់គ្លេស
952 ## - LOCATION AND ITEM INFORMATION (KOHA)
Withdrawn status [LOCAL, KOHA] 0
Holdings
Koha item type Barcode Lost status Permanent Location Current Location Date acquired Full call number
សៀវភៅភាសាអង់គ្លេសA01480 Library Block CLibrary Block C2016-09-16577 CHR 1998
មជ្ឈមណ្ឌលឯការនៃសាកលវិទ្យាល័យភូមិន្ទកសិកម្មចំការដូង

Powered by Koha